<?xml version="1.0" encoding="UTF-8"?>
<record
    xmlns:xsi="http://www.w3.org/2001/XMLSchema-instance"
    xsi:schemaLocation="http://www.loc.gov/MARC21/slim http://www.loc.gov/standards/marcxml/schema/MARC21slim.xsd"
    xmlns="http://www.loc.gov/MARC21/slim">

  <leader>00336nam a2200145Ia 4500</leader>
  <controlfield tag="008">191201s2011    xx            000 0 und d</controlfield>
  <datafield tag="082" ind1=" " ind2=" ">
    <subfield code="a">621.38215</subfield>
    <subfield code="b">MII</subfield>
  </datafield>
  <datafield tag="100" ind1=" " ind2=" ">
    <subfield code="a">MILLMAN, jacob</subfield>
  </datafield>
  <datafield tag="245" ind1=" " ind2="0">
    <subfield code="a">Integrated Electronics</subfield>
  </datafield>
  <datafield tag="250" ind1=" " ind2=" ">
    <subfield code="a">Rep</subfield>
  </datafield>
  <datafield tag="260" ind1=" " ind2=" ">
    <subfield code="a">N. Delhi</subfield>
    <subfield code="b">TMH</subfield>
    <subfield code="c">2011</subfield>
  </datafield>
  <datafield tag="300" ind1=" " ind2=" ">
    <subfield code="a">858</subfield>
  </datafield>
  <datafield tag="650" ind1=" " ind2=" ">
    <subfield code="a">M.Tech (ECE)</subfield>
  </datafield>
  <datafield tag="942" ind1=" " ind2=" ">
    <subfield code="2">ddc</subfield>
    <subfield code="c">BK</subfield>
  </datafield>
  <datafield tag="999" ind1=" " ind2=" ">
    <subfield code="c">5069</subfield>
    <subfield code="d">5069</subfield>
  </datafield>
  <datafield tag="952" ind1=" " ind2=" ">
    <subfield code="0">0</subfield>
    <subfield code="1">0</subfield>
    <subfield code="2">ddc</subfield>
    <subfield code="4">0</subfield>
    <subfield code="7">0</subfield>
    <subfield code="8">BTECHECE</subfield>
    <subfield code="a">PIET</subfield>
    <subfield code="b">PIET</subfield>
    <subfield code="d">2011-11-22</subfield>
    <subfield code="e">Valley Book House</subfield>
    <subfield code="g">410.00</subfield>
    <subfield code="k">251</subfield>
    <subfield code="l">0</subfield>
    <subfield code="o">621.38215 MII</subfield>
    <subfield code="p">18518</subfield>
    <subfield code="r">2024-04-11 00:00:00</subfield>
    <subfield code="w">2011-11-09</subfield>
    <subfield code="y">BK</subfield>
  </datafield>
  <datafield tag="952" ind1=" " ind2=" ">
    <subfield code="0">0</subfield>
    <subfield code="1">0</subfield>
    <subfield code="2">ddc</subfield>
    <subfield code="4">0</subfield>
    <subfield code="7">0</subfield>
    <subfield code="8">BTECHECE</subfield>
    <subfield code="a">PIET</subfield>
    <subfield code="b">PIET</subfield>
    <subfield code="d">2011-11-22</subfield>
    <subfield code="e">Valley Book House</subfield>
    <subfield code="g">410.00</subfield>
    <subfield code="k">251</subfield>
    <subfield code="l">0</subfield>
    <subfield code="o">621.38215 MII</subfield>
    <subfield code="p">18519</subfield>
    <subfield code="r">2019-12-04 00:00:00</subfield>
    <subfield code="w">2011-11-09</subfield>
    <subfield code="y">BK</subfield>
  </datafield>
  <datafield tag="952" ind1=" " ind2=" ">
    <subfield code="0">0</subfield>
    <subfield code="1">0</subfield>
    <subfield code="2">ddc</subfield>
    <subfield code="4">0</subfield>
    <subfield code="7">0</subfield>
    <subfield code="8">BTECHECE</subfield>
    <subfield code="a">PIET</subfield>
    <subfield code="b">PIET</subfield>
    <subfield code="d">2011-11-22</subfield>
    <subfield code="e">Valley Book House</subfield>
    <subfield code="g">410.00</subfield>
    <subfield code="k">251</subfield>
    <subfield code="l">0</subfield>
    <subfield code="o">621.38215 MII</subfield>
    <subfield code="p">18520</subfield>
    <subfield code="r">2019-12-04 00:00:00</subfield>
    <subfield code="w">2011-11-09</subfield>
    <subfield code="y">BK</subfield>
  </datafield>
  <datafield tag="952" ind1=" " ind2=" ">
    <subfield code="0">0</subfield>
    <subfield code="1">0</subfield>
    <subfield code="2">ddc</subfield>
    <subfield code="4">0</subfield>
    <subfield code="7">0</subfield>
    <subfield code="8">BTECHECE</subfield>
    <subfield code="a">PIET</subfield>
    <subfield code="b">PIET</subfield>
    <subfield code="d">2011-11-22</subfield>
    <subfield code="e">Valley Book House</subfield>
    <subfield code="g">410.00</subfield>
    <subfield code="k">251</subfield>
    <subfield code="l">1</subfield>
    <subfield code="o">621.38215 MII</subfield>
    <subfield code="p">18521</subfield>
    <subfield code="q">2022-07-19</subfield>
    <subfield code="r">2022-01-20 00:00:00</subfield>
    <subfield code="s">2022-01-20</subfield>
    <subfield code="w">2011-11-09</subfield>
    <subfield code="y">BK</subfield>
  </datafield>
  <datafield tag="952" ind1=" " ind2=" ">
    <subfield code="0">0</subfield>
    <subfield code="1">0</subfield>
    <subfield code="2">ddc</subfield>
    <subfield code="4">0</subfield>
    <subfield code="7">0</subfield>
    <subfield code="8">BTECHECE</subfield>
    <subfield code="a">PIET</subfield>
    <subfield code="b">PIET</subfield>
    <subfield code="d">2011-11-22</subfield>
    <subfield code="e">Valley Book House</subfield>
    <subfield code="g">410.00</subfield>
    <subfield code="k">251</subfield>
    <subfield code="l">0</subfield>
    <subfield code="o">621.38215 MII</subfield>
    <subfield code="p">18522</subfield>
    <subfield code="r">2019-12-04 00:00:00</subfield>
    <subfield code="w">2011-11-09</subfield>
    <subfield code="y">BK</subfield>
  </datafield>
</record>
